| 000 | 00328nam a22001217a 4500 | ||
|---|---|---|---|
| 082 | _a297.63 NAD'N | ||
| 100 |
_aNADVI, SYED AB-UL HASSAN _974649 |
||
| 245 | _aNABI REHMAT (PBUH) | ||
| 260 |
_aKARACHI _bMAJLIS MUSHRIAT _c1980 |
||
| 300 | _a264P | ||
| 650 |
_aISLAM-BIOGRAPHY-PROPHET MUHAMMAD PEACE BE UPON HIM _9876 |
||
| 942 | _cBK | ||
| 999 |
_c580161 _d580161 |
||